Tamil Nadu Legislative Assembly Quinquennial review (Record no. 490849)

000 -LEADER
fixed length control field 00425cam a22001097a 4500
008 - FIXED-LENGTH DATA ELEMENTS--GENERAL INFORMATION
fixed length control field 180718b-- xxu||||| |||| 00| 0 eng d
082 ## - DEWEY DECIMAL CLASSIFICATION NUMBER
Classification number G22x5452 T152/1971-76
245 ## - TITLE STATEMENT
Title Tamil Nadu Legislative Assembly Quinquennial review
Statement of responsibility, etc. by Legislative Assembly Department, Tamil Nadu
260 ## - PUBLICATION, DISTRIBUTION, ETC.
Place of publication, distribution, etc. Madras
Name of publisher, distributor, etc. Legislative Assembly Department
Date of publication, distribution, etc. --
500 ## - GENERAL NOTE
General note Library has 1967/70-1971/76
700 ## - ADDED ENTRY--PERSONAL NAME
Personal name Tamil Nadu. Legislative Assembly Department
Holdings
Withdrawn status Lost status Damaged status Not for loan Permanent Location Current Location Date acquired Full call number Barcode Date last seen Price effective from Koha item type
        Indian Institute of Public Administration Indian Institute of Public Administration 2018-08-04 G22x5452 T152/1971-76 GG17497 2018-08-04 2018-08-04 GG
        Indian Institute of Public Administration Indian Institute of Public Administration 2018-08-04 G22x5452 T152/1971-76 GG12963 2018-08-04 2018-08-04 GG

Powered by Koha